La post televisión : multimedia, internet y globalización económica /

Los textos aquí compilados contribuyen a la comprensión de las nuevas tecnologías de la comunicación en la sociedad y los efectos políticos, económicos y culturales que generan. Los autores revisan temas como las potencialidades de los aparatos técnicos, guerras económicas enmascaradas tras la defen...

Ful tanımlama

Kaydedildi:
Detaylı Bibliyografya
Yazar: Ramonet, Ignacio (ed.)
Materyal Türü: Kitap
Dil:İspanyolca
Baskı/Yayın Bilgisi: Barcelona, España : Icaria, 2002, c2002
Seri Bilgileri:(Antrazyt ; Análisis Contemporáneo) 180.
Konular:
Etiketler: Etiketle
Etiket eklenmemiş, İlk siz ekleyin!

MARC

LEADER 00000nam^a2200000^a^4500
001 000180131
005 20250521000000.0
009 20260310101848.782
020 |a 84-7426-557-6 
037 |a Acervo ITESO - Biblioteca 
041 |a ESP 
082 |a 302. 23701  |b RAM 
100 |a Ramonet, Ignacio  |e (ed.) 
245 1 3 |a La post televisión :  |b multimedia, internet y globalización económica /  |c Ed. de I. Ramonet. 
264 4 |a Barcelona, España :  |b Icaria,  |c 2002, c2002 
300 |a 174 p. 
336 |a texto  |b txt  |2 rdacontenido 
337 |a sin mediación  |b n  |2 rdamedio 
338 |a volumen  |b nc  |2 rdasoporte 
440 1 |a (Antrazyt ;  |v 180.  |p Análisis Contemporáneo) 
520 |a Los textos aquí compilados contribuyen a la comprensión de las nuevas tecnologías de la comunicación en la sociedad y los efectos políticos, económicos y culturales que generan. Los autores revisan temas como las potencialidades de los aparatos técnicos, guerras económicas enmascaradas tras la defensa de una mayor libertad de comunicación; la posibilidad de un ciberespacio convertido en novísima arma del imperialismo y el peligro de que la gran familia humana acabe reducida a una gran familia de consumidores. 
649 |a XX 
650 |a Internet -  |x Aspectos Sociales y Culturales 
650 |a Multimedia -  |x Aspectos Sociales y Culturales 
650 |a Tecnologías de Comunicación e Información -  |x Aspectos Económicos 
650 |a Tecnologías de Comunicación e Información -  |x Aspectos Políticos 
650 |a Tecnologías de Comunicación e Información -  |x Aspectos Sociales y Culturales 
650 |a Tecnología y Sociedad 
650 |a Cultura Informática 
650 |a Cultura de Masas 
650 |a Nuevo Orden Mundial 
650 |a Globalización 
650 |a Sociología de la Comunicación 
650 |a Comunicación 
910 |a Fondo General 
920 |a Impresos - Libros 
930 |a Colección General 
905 |a 101 
901 |a 0500119404  |b IT1  |c ACC  |u 20250521 
902 |a https://opac.biblio.iteso.mx/vufind/Record/000180131